[Event "Tourn. n8054"]
[Site "www.chess-mail.com"]
[Date "2015.02.26"]
[Round "1"]
[White "Difficult"]
[Black "Averoes"]
[WhiteElo "2080"]
[BlackElo "2180"]
[Result "1/2-1/2"]
[Round "1"]
1.Ng1f3 d5
2.g3 Ng8f6
3.Bf1g2 Bc8f5
4.d4 e6
5.O-O Bf8e7
6.b3 c5
7.Bc1b2 cxd4
8.Nf3xd4 Bf5g6
9.Nb1d2 Nb8c6
10.Nd2f3 O-O
11.Nd4xc6 bxc6
12.Nf3e5 c5
13.Ne5xg6 hxg6
14.c4 Ra8b8
15.cxd5 exd5
16.Ra1c1 c4
17.Bb2xf6 Be7xf6
18.bxc4 dxc4
19.Qd1xd8 { draw }
1/2-1/2

[Event "Tourn. n8042"]
[Site "www.chess-mail.com"]
[Date "2015.02.26"]
[Round "1"]
[White "4knights"]
[Black "Hansen"]
[WhiteElo "1499"]
[BlackElo "1490"]
[Result "1-0"]
[Round "1"]
1.d4 d6
2.e4 d5
3.Nb1c3 Ng8f6
4.e5 Nf6e4
5.Nc3xe4 dxe4
6.g3 a6
7.Bf1g2 Qd8d5
8.Ng1e2 Nb8c6
9.O-O Bc8g4
10.Bc1e3 Ra8d8
11.c3 e6
12.Qd1c2 f5
13.Ne2f4 Qd5c4
14.b3 Qc4b5
15.a4 Qb5a5
16.b4 Qa5b6
17.d5 Nc6xe5
18.Be3xb6 cxb6
19.Nf4xe6 Rd8d7
20.Ra1d1 Ne5c4
21.Rd1d4 Nc4e5
22.h3 Bg4h5
23.Qc2d2 Bf8d6
24.Qd2g5 g6
25.Qg5f6 Rh8g8
26.b5 Ne5f7
27.g4 Bd6e5
28.Qf6h4 Be5xd4
29.cxd4 Nf7h6
30.Rf1c1 fxg4
31.Qh4f6 Nh6f7
32.Rc1c8 Nf7d8
33.Ne6c7 Rd7xc7
34.Rc8xd8 
1-0

[Event "Tourn. n8064"]
[Site "www.chess-mail.com"]
[Date "2015.02.26"]
[Round "1"]
[White "Pgcbies"]
[Black "Faerieking"]
[WhiteElo "2780"]
[BlackElo "2240"]
[Result "1-0"]
[Round "1"]
1.e4 e5
2.f4 d5
3.exd5 e4
4.d3 Ng8f6
5.dxe4 Nf6xe4
6.Ng1f3 c6
7.Bf1d3 cxd5
8.Bd3xe4 dxe4
9.Qd1xd8 Kxd8
10.Nf3g5 Ke8
11.Ng5xe4 Nb8c6
12.Kf2 f6
13.Bc1e3 Kf7
14.Nb1c3 Bc8f5
15.Ra1d1 Ra8e8
16.Ne4d6 Bf8xd6
17.Rd1xd6 Bf5xc2
18.Rd6d2 Bc2f5
19.Nc3b5 { resign }
1-0

[Event "Tourn. n8076"]
[Site "www.chess-mail.com"]
[Date "2015.02.26"]
[Round "1"]
[White "Francesco"]
[Black "Caspito"]
[WhiteElo "2090"]
[BlackElo "1840"]
[Result "1-0"]
[Round "1"]
1.e4 e5
2.Ng1f3 Nb8c6
3.Bf1b5 Nc6d4
4.Nf3xd4 exd4
5.d3 a6
6.Bb5c4 Qd8f6
7.Nb1d2 c6
8.Nd2f3 c5
9.Bc1g5 Qf6g6
10.Qd1d2 Bf8e7
11.h4 h6
12.Nf3e5 Be7xg5
13.Bc4xf7 Qg6xf7
14.hxg5 Qf7e7
15.Ne5g6 hxg5
16.Rh1xh8 Qe7f7
17.Qd2xg5 { resign }
1-0

[Event "Tourn. n8094"]
[Site "www.chess-mail.com"]
[Date "2015.02.26"]
[Round "1"]
[White "Gorgo"]
[Black "Woodpusher2"]
[WhiteElo "2210"]
[BlackElo "2540"]
[Result "0-1"]
[Round "1"]
1.c4 f5
2.Nb1c3 Ng8f6
3.g3 g6
4.Bf1g2 Bf8g7
5.d3 O-O
6.Qd1b3 Nb8a6
7.Ng1f3 d6
8.O-O Na6c5
9.Qb3a3 a5
10.Bc1e3 Nc5e6
11.Nf3g5 c6
12.Qa3b3 Ne6c5
13.Be3xc5 dxc5
14.Nc3a4 h6
15.Ng5f3 Nf6d7
16.e3 e5
17.e4 f4
18.Bg2h3 Ra8b8
19.Ra1d1 b6
20.Na4c3 Kh7
21.Qb3c2 Rf8f7
22.Nc3e2 Nd7f8
23.Bh3xc8 Qd8xc8
24.Kh1 Nf8e6
25.a3 b5
26.b3 Qc8b7
27.Rd1b1 b4
28.a4 Rb8d8
29.Rb1d1 Rd8d6
30.Qc2d2 Qb7c8
31.Qd2c2 Kg8
32.Rd1d2 h5
33.Rd2d1 Qc8d8
34.gxf4 Ne6xf4
35.Ne2xf4 Rf7xf4
36.Qc2e2 Rd6f6
37.Nf3e1 Bg7h6
38.f3 Rf4h4
39.Rf1f2 Bh6f4
40.Ne1c2 Rh4h3
41.Rd1g1 Kh7
42.Qe2f1 Qd8d7
43.Qf1e2 Rf6f8
44.Rg1b1 Rf8g8
45.Rb1g1 Qd7d8
46.Qe2f1 Qd8h4
47.Rg1g2 g5
48.Nc2e1 g4
49.Rf2e2 Rg8f8
50.Qf1f2 Qh4xf2
51.Rg2xf2 Bf4g3
52.Kg2 h4
53.hxg3 hxg3
54.fxg4 gxf2
55.Re2xf2 Rh3h2
56.Kxh2 Rf8xf2
57.Kg3 Rf2b2
{ resign }
0-1

[Event "Tourn. n8031"]
[Site "www.chess-mail.com"]
[Date "2015.02.26"]
[Round "1"]
[White "Luban"]
[Black "Blackpool"]
[WhiteElo "2090"]
[BlackElo "1900"]
[Result "1/2-1/2"]
[Round "1"]
1.d4 d5
2.Ng1f3 Ng8f6
3.e3 Bc8g4
4.c4 c6
5.Nb1c3 e6
6.a3 Nb8d7
7.h3 Bg4xf3
8.Qd1xf3 Bf8d6
9.e4 dxe4
10.Nc3xe4 Nf6xe4
11.Qf3xe4 Nd7f6
12.Qe4d3 O-O
13.Bc1g5 Bd6e7
14.Bf1e2 Qd8d7
15.Be2f3 h6
16.Bg5e3 Rf8d8
17.Qd3c3 Qd7c7
18.O-O Ra8c8
19.Ra1d1 b6
20.b4 Rd8d7
21.Qc3b3 Rc8d8
22.Rd1d2 c5
23.Rf1d1 cxd4
24.Rd2xd4 Rd7xd4
25.Be3xd4 e5
26.Bd4e3 Rd8xd1
27.Bf3xd1 Qc7d7
28.Bd1e2 Nf6e4
29.Be2f3 Ne4d2
{ draw }
1/2-1/2

[Event "Tourn. n7993"]
[Site "www.chess-mail.com"]
[Date "2015.02.26"]
[Round "1"]
[White "Faerieking"]
[Black "Syd"]
[WhiteElo "2190"]
[BlackElo "2240"]
[Result "0-1"]
[Round "1"]
1.e4 c5
2.Ng1f3 e6
3.d4 cxd4
4.Nf3xd4 Ng8f6
5.Nb1c3 Nb8c6
6.Nd4b5 d6
7.Bc1f4 e5
8.Bf4g5 a6
9.Nb5a3 b5
10.Nc3d5 Bf8e7
11.Bg5xf6 Be7xf6
12.c4 b4
13.Na3c2 Ra8b8
14.b3 Bf6g5
15.g3 O-O
16.h4 Bg5h6
17.Bf1h3 Bc8xh3
18.Rh1xh3 Qd8d7
19.g4 Bh6f4
20.Qd1f3 Qd7a7
21.Nd5xf4 exf4
22.Qf3xf4 Rf8e8
23.O-O-O Nc6e5
24.Nc2e3 a5
25.g5 a4
26.Ne3g4 Ne5xg4
27.Qf4xg4 axb3
28.axb3 Qa7xf2
29.Rh3f3 Qf2a2
30.Rf3d3 d5
31.Rd3xd5 Qa2xb3
{ resign }
0-1

[Event "Tourn. n8013"]
[Site "www.chess-mail.com"]
[Date "2015.02.26"]
[Round "1"]
[White "Ssharp"]
[Black "Krasin"]
[WhiteElo "2150"]
[BlackElo "2180"]
[Result "0-1"]
[Round "1"]
1.e4 e6
2.d4 d5
3.e5 c5
4.c3 Nb8c6
5.Ng1f3 Bc8d7
6.Bf1e2 f6
7.O-O Qd8c7
8.Bc1f4 O-O-O
9.Bf4g3 Qc7b6
10.Qd1d2 Ng8h6
11.exf6 gxf6
12.Bg3h4 Bf8g7
13.dxc5 Qb6xc5
14.Bh4xf6 Bg7xf6
15.Qd2xh6 Rd8f8
16.Nb1d2 e5
17.Nd2b3 Qc5b6
18.Qh6d2 Bd7e6
19.Ra1d1 Rh8g8
20.Kh1 Rg8g6
21.Qd2e3 Qb6xe3
22.fxe3 Bf6e7
23.h3 { time. }
0-1

[Event "Tourn. n8067"]
[Site "www.chess-mail.com"]
[Date "2015.02.26"]
[Round "1"]
[White "Gorgo"]
[Black "Groz"]
[WhiteElo "1819"]
[BlackElo "1809"]
[Result "1-0"]
[Round "1"]
1.d4 d5
2.c4 e6
3.Nb1c3 Ng8f6
4.cxd5 exd5
5.Bc1g5 Nb8d7
6.e3 c6
7.Bf1d3 h6
8.Bg5h4 Bf8e7
9.Ng1e2 O-O
10.O-O Rf8e8
11.h3 Nd7f8
12.Bh4g3 Nf8e6
13.b3 g6
14.Rf1e1 Ne6g7
15.Bg3f4 Kh7
16.Qd1d2 Bc8f5
17.Bf4xh6 Bf5xd3
18.Bh6xg7 Kxg7
19.Qd2xd3 Be7d6
20.Ra1c1 Bd6a3
21.Rc1c2 Qd8d6
22.Re1b1 Nf6d7
23.Ne2f4 b5
24.Nc3e2 Nd7f6
25.Qd3c3 Ra8c8
26.b4 { resign }
1-0

[Event "Tourn. n7867"]
[Site "www.chess-mail.com"]
[Date "2015.02.26"]
[Round "1"]
[White "Arto20"]
[Black "Sontuozio"]
[WhiteElo "2360"]
[BlackElo "2210"]
[Result "1-0"]
[Round "1"]
1.e4 e6
2.d4 d5
3.Nb1c3 dxe4
4.Nc3xe4 Nb8d7
5.Ng1f3 Ng8f6
6.Ne4g3 Bf8d6
7.Bf1d3 O-O
8.O-O b6
9.c4 Bc8b7
10.Rf1e1 c5
11.Bc1e3 Qd8c7
12.Qd1e2 Rf8e8
13.Ra1d1 e5
14.dxc5 Nd7xc5
15.Bd3c2 e4
16.Nf3d4 a6
17.Nd4f5 Bd6e5
18.Be3d4 Be5xd4
19.Nf5xd4 Qc7f4
20.b4 Nc5d3
21.Bc2xd3 exd3
22.Qe2xd3 Qf4g4
23.Nd4f5 h5
24.Nf5e7 Kh8
25.f3 Qg4g5
26.Qd3c3 Ra8d8
27.Rd1xd8 Re8xd8
28.c5 bxc5
29.bxc5 Nf6d5
30.Qc3a5 Nd5xe7
31.Qa5xd8 Kh7
32.Qd8xe7 Qg5d2
33.Ng3xh5 Bb7d5
34.Qe7e5 { resign }
1-0

[Event "Tourn. n8097"]
[Site "www.chess-mail.com"]
[Date "2015.02.26"]
[Round "1"]
[White "Kesalon"]
[Black "Pipas"]
[WhiteElo "1759"]
[BlackElo "1640"]
[Result "1-0"]
[Round "1"]
1.e4 e5
2.Ng1f3 Nb8c6
3.Bf1c4 Ng8h6
4.d4 exd4
5.Nf3xd4 Nc6xd4
6.Qd1xd4 Bf8b4
7.Nb1c3 O-O
8.Bc4xf7 Nh6xf7
9.Qd4xb4 h6
10.O-O Nf7g5
11.Bc1xg5 Qd8xg5
12.Qb4c4 Kh8
13.Qc4xc7 d5
14.exd5 Bc8h3
15.Qc7g3 Bh3f5
16.Qg3xg5 hxg5
17.Ra1c1 Ra8e8
18.d6 Bf5d7
19.Rf1e1 Rf8f7
20.Re1xe8 Bd7xe8
21.Rc1d1 Be8d7
22.Rd1e1 Rf7f6
23.Re1e7 Rf6xd6
24.g3 Bd7e6
25.Re7xb7 a6
26.Rb7a7 Be6c8
27.Ra7a8 Rd6d8
28.Nc3e4 g4
29.Ne4g5 g6
30.Ng5f7 { resign }
1-0

[Event "Tourn. n8012"]
[Site "www.chess-mail.com"]
[Date "2015.02.26"]
[Round "1"]
[White "Blackpool"]
[Black "Falcoale"]
[WhiteElo "1870"]
[BlackElo "1880"]
[Result "1/2-1/2"]
[Round "1"]
1.c4 Ng8f6
2.Nb1c3 Nb8c6
3.d4 e6
4.a3 b6
5.Bc1g5 h6
6.Bg5h4 Bf8e7
7.e3 O-O
8.Ng1f3 Bc8b7
9.Bf1d3 Rf8e8
10.O-O g5
11.Bh4g3 Nf6h7
12.Qd1c2 f5
13.Nf3e5 Nc6xe5
14.Bg3xe5 Re8f8
15.b4 d6
16.Be5g3 Qd8e8
17.Nc3b5 Qe8c8
18.f3 a6
19.Nb5c3 Nh7f6
20.Bg3f2 Rf8f7
21.Rf1e1 { draw }
1/2-1/2

[Event "Match"]
[Site "www.echecsemail.com"]
[Date "2015.02.26"]
[Round "1"]
[White "Generalfree"]
[Black "Pariolinius"]
[WhiteElo "1860"]
[BlackElo "1830"]
[Result "0-1"]
[Round "1"]
1.e4 d5
2.Nb1c3 d4
3.Nc3d5 e5
4.a3 Nb8d7
5.c3 Bf8c5
6.b4 Bc5d6
7.cxd4 c6
8.dxe5 Nd7xe5
9.Nd5e3 Ng8f6
10.h3 Nf6xe4
11.Bc1b2 O-O
12.d3 Ne4f6
13.f4 Ne5g6
14.Qd1f3 Rf8e8
15.g3 Bc8e6
16.Ng1e2 Nf6d5
17.Ne3xd5 Be6xd5
{ resign }
0-1

[Event "Match"]
[Site "www.echecsemail.com"]
[Date "2015.02.26"]
[Round "1"]
[White "Gavroche"]
[Black "Udo"]
[WhiteElo "1780"]
[BlackElo "1560"]
[Result "1-0"]
[Round "1"]
1.d4 c6
2.c4 d6
3.Nb1c3 e6
4.Bc1f4 g5
5.Bf4g3 h6
6.h3 Ng8f6
7.e4 Qd8b6
8.b3 Bf8e7
9.Ng1f3 Nb8d7
10.e5 dxe5
11.dxe5 Qb6a5
12.Ra1c1 Be7a3
13.Rc1c2 Ba3b4
14.exf6 Bb4xc3
15.Nf3d2 Bc3xf6
16.Bf1d3 Nd7c5
17.Bd3e2 O-O
18.O-O e5
19.Be2f3 Rf8e8
20.Nd2e4 Bf6e7
21.Bg3xe5 Bc8f5
22.Rf1e1 Ra8d8
23.Qd1a1 Nc5d3
24.Be5c3 Qa5a6
25.Re1d1 g4
26.hxg4 Bf5xe4
27.Bf3xe4 Nd3f4
28.Rd1xd8 Re8xd8
29.Bc3g7 h5
30.gxh5 Nf4xh5
31.Bg7h6 f6
32.Qa1e1 Kf7
33.Be4f3 Qa6a5
34.Qe1xa5 Nh5g7
35.Rc2d2 Rd8h8
36.Bh6xg7 Kxg7
37.Qa5xa7 Be7b4
38.Qa7xb7 { resign }
1-0

[Event "Match"]
[Site "www.echecsemail.com"]
[Date "2015.02.26"]
[Round "1"]
[White "Dominiquer"]
[Black "Generalfree"]
[WhiteElo "1780"]
[BlackElo "1770"]
[Result "1-0"]
[Round "1"]
1.e4 e5
2.Ng1f3 Nb8c6
3.d4 exd4
4.Bf1c4 h6
5.O-O Qd8f6
6.e5 Qf6e7
7.Rf1e1 b6
8.b3 Bc8b7
9.Bc1a3 Qe7d8
10.Ba3xf8 Kxf8
11.Nf3xd4 Nc6xd4
12.Qd1xd4 Ng8e7
13.Qd4f4 Ne7d5
14.Qf4d2 Nd5e7
15.Qd2f4 Bb7d5
16.Re1d1 Ne7g6
17.Qf4f5 Bd5xc4
18.bxc4 Ke8
19.e6 O-O
20.exf7 Kh7
21.Nb1c3 d6
22.Nc3d5 { resign }
1-0

[Event "Match"]
[Site "www.echecsemail.com"]
[Date "2015.02.26"]
[Round "1"]
[White "Generalfree"]
[Black "Olddog55"]
[WhiteElo "1770"]
[BlackElo "1710"]
[Result "1-0"]
[Round "1"]
1.e4 e5
2.Ng1f3 Nb8c6
3.Bf1c4 Ng8f6
4.Nf3g5 Qd8e7
5.Ng5xf7 Rh8g8
6.Nf7g5 Qe7c5
7.Bc4xg8 Nf6xg8
8.Qd1h5 g6
9.Qh5xh7 Ng8f6
10.Qh7f7 Kd8
11.Qf7xf6 Bf8e7
12.Qf6xg6 Qc5xc2
13.Qg6g8 { resign }
1-0

[Event "Match"]
[Site "www.echecsemail.com"]
[Date "2015.02.26"]
[Round "1"]
[White "Generalfree"]
[Black "Zazi"]
[WhiteElo "1710"]
[BlackElo "1550"]
[Result "1-0"]
[Round "1"]
1.e4 Nb8c6
2.Ng1f3 a5
3.Bf1c4 e6
4.d4 Ng8f6
5.e5 Nf6e4
6.O-O g5
7.Rf1e1 g4
8.Re1xe4 gxf3
9.Qd1xf3 Nc6b4
10.Nb1a3 c6
11.Re4f4 Bf8h6
12.Rf4xf7 Bh6xc1
13.Qf3h5 Qd8b6
14.Rf7xh7 Kd8
15.Rh7xh8 Kc7
16.Qh5e8 Bc1g5
17.h4 Bg5xh4
18.Rh8xh4 Kb8
19.c3 Nb4d5
20.Ra1b1 Ka7
21.g4 Qb6c7
22.Bc4xd5 cxd5
23.Na3b5 Kb6
24.Nb5xc7 Kxc7
25.g5 b5
26.g6 Bc8b7
27.Qe8xa8 Bb7xa8
28.g7 { resign }
1-0

[Event "Match"]
[Site "www.echecsemail.com"]
[Date "2015.02.26"]
[Round "1"]
[White "Nestor"]
[Black "Gimmyg"]
[WhiteElo "2090"]
[BlackElo "1940"]
[Result "0-1"]
[Round "1"]
1.e4 Nb8c6
2.Nb1c3 Ng8f6
3.Bf1c4 e6
4.d3 d5
5.exd5 exd5
6.Bc4b3 Bf8b4
7.Ng1e2 O-O
8.O-O Rf8e8
9.Ne2f4 d4
10.Nc3e4 Nf6xe4
11.dxe4 Re8xe4
12.Qd1h5 Qd8e7
13.Nf4d5 Qe7h4
14.Qh5xh4 Re4xh4
15.Nd5xc7 Ra8b8
16.Nc7d5 Bb4d6
17.g3 Rh4h5
18.Bc1d2 Bc8e6
19.Nd5f4 Bd6xf4
20.Bd2xf4 Rb8d8
21.Rf1e1 Be6xb3
22.axb3 Rh5b5
23.Bf4c7 Rd8c8
24.Bc7d6 d3
25.cxd3 Rb5xb3
26.Re1e3 Rb3xb2
27.Ra1e1 f6
28.Re3e8 Rc8xe8
29.Re1xe8 Kf7
30.Re8f8 Ke6
31.Bd6f4 a5
32.Rf8h8 a4
33.Rh8xh7 a3
{ resign }
0-1

[Event "Match"]
[Site "www.echecsemail.com"]
[Date "2015.02.26"]
[Round "1"]
[White "Paco"]
[Black "Funghetto"]
[WhiteElo "1870"]
[BlackElo "1349"]
[Result "0-1"]
[Round "1"]
1.e4 e5
2.Ng1f3 Nb8c6
3.Bf1c4 Bf8c5
4.d3 Ng8f6
5.Nf3g5 O-O
6.Nb1c3 h6
7.Ng5f3 a6
8.Nc3d5 d6
9.a3 Bc8g4
10.Qd1e2 Nc6d4
11.Qe2d2 Bg4xf3
12.Qd2c3 Bf3xg2
13.Rh1f1 Bg2xf1
14.Kxf1 Nf6g4
15.b4 c6
16.Nd5e3 Ng4xh2
17.Ke1 Bc5a7
18.Ne3f5 Qd8f6
19.Bc1d2 Nd4xf5
20.exf5 Qf6xf5
21.d4 Ba7xd4
22.Qc3g3 Bd4xa1
23.Bd2xh6 Nh2g4
24.Bh6e3 Ng4xe3
25.Qg3xe3 Ba1d4
26.Qe3e2 b5
27.Bc4d3 Qf5f6
28.f3 a5
29.Qe2e4 Qf6g6
30.Qe4xc6 Qg6g1
31.Bd3f1 Qg1f2
32.Kd1 Bd4e3
33.Bf1e2 Qf2g1
{ resign }
0-1

[Event "Match"]
[Site "www.echecsemail.com"]
[Date "2015.02.26"]
[Round "1"]
[White "Micheles"]
[Black "Groz"]
[WhiteElo "2520"]
[BlackElo "1809"]
[Result "1-0"]
[Round "1"]
1.d4 g6
2.Ng1f3 Bf8g7
3.Bc1g5 Ng8f6
4.Nb1d2 O-O
5.e4 d6
6.c3 h6
7.Bg5h4 c5
8.dxc5 dxc5
9.Bf1c4 Nb8c6
10.O-O Bc8g4
11.Qd1c2 Bg4xf3
12.Nd2xf3 g5
13.Ra1d1 Qd8c8
14.e5 Nf6h5
15.Bh4xg5 Nc6xe5
16.Nf3xe5 hxg5
17.Qc2g6 { resign }
1-0

[Event "1/32 Finale"]
[Site "www.chess-mail.com"]
[Date "2015.02.26"]
[Round "1"]
[White "Roqueur"]
[Black "Passaroa25"]
[WhiteElo "2590"]
[BlackElo "1450"]
[Result "1-0"]
[Round "1"]
1.e4 c6
2.d4 Ng8f6
3.e5 Nf6d5
4.c4 Nd5b6
5.Nb1c3 d6
6.f4 f6
7.Ng1f3 Bc8e6
8.d5 Be6f7
9.e6 Bf7g6
10.Nf3h4 Nb8a6
11.f5 Bg6xf5
12.Nh4xf5 g6
13.a4 Na6c5
14.Nf5g7 Bf8xg7
15.a5 Nb6a4
16.Nc3xa4 Nc5xa4
17.Ra1xa4 c5
18.Bf1d3 O-O
19.h4 b6
20.h5 bxa5
21.hxg6 h6
22.Bc1xh6 Bg7h8
23.Qd1h5 Qd8e8
24.Bh6d2 Bh8g7
25.Qh5h7 
1-0

[Event "1/16 Finale"]
[Site "www.chess-mail.com"]
[Date "2015.02.26"]
[Round "1"]
[White "Fjpv"]
[Black "Averoes"]
[WhiteElo "2590"]
[BlackElo "2170"]
[Result "1-0"]
[Round "1"]
1.e4 c5
2.c3 d5
3.exd5 Qd8xd5
4.d4 cxd4
5.cxd4 Nb8c6
6.Nb1c3 Qd5xd4
7.Bf1d3 e5
8.Ng1f3 Qd4d6
9.O-O Bf8e7
10.Nc3b5 Qd6b8
11.Nf3xe5 Nc6xe5
12.Bc1f4 f6
13.Ra1c1 Bc8e6
14.Nb5c7 Kf7
15.Nc7xe6 Kxe6
16.Qd1b3 Kd7
17.Bd3b5 Kd8
18.Rf1d1 Be7d6
19.Qb3e6 { resign }
1-0

[Event "1/4 Finale"]
[Site "www.chess-mail.com"]
[Date "2015.02.26"]
[Round "1"]
[White "Hwj"]
[Black "Manolinex"]
[WhiteElo "2780"]
[BlackElo "2720"]
[Result "1/2-1/2"]
[Round "1"]
1.e4 c5
2.Ng1f3 d6
3.d4 cxd4
4.Nf3xd4 Ng8f6
5.Nb1c3 a6
6.Bc1e3 e5
7.Nd4b3 Bc8e6
8.Qd1d2 b5
9.a4 b4
10.Nc3d5 Nb8d7
11.O-O-O Nf6xe4
12.Qd2xb4 Ne4f6
13.Nd5xf6 gxf6
14.Qb4b7 d5
15.Kb1 Bf8e7
16.Bf1xa6 Ra8b8
17.Qb7c6 d4
18.Be3xd4 exd4
19.Ba6b5 Rb8b6
20.Qc6e4 O-O
21.Rd1xd4 Rb6xb5
22.axb5 Qd8c7
23.Rh1d1 Rf8c8
24.Rd4a4 f5
25.Qe4c6 Qc7b8
26.Qc6f3 Qb8xb5
27.Ra4a8 Rc8xa8
28.Qf3xa8 Nd7f8
29.Nb3d4 Qb5c4
30.Nd4xe6 fxe6
31.Qa8f3 Nf8g6
32.Qf3d3 Qc4c6
33.Qd3d7 Qc6e4
34.f3 Qe4e5
35.g3 Qe5e2
36.f4 Kf7
37.Qd7d2 Qe2e4
38.Qd2d3 Qe4g2
39.Qd3d2 Qg2a8
40.c3 Be7f6
41.Qd2d7 Ng6e7
42.Rd1e1 Qa8a6
43.Kc2 { draw }
1/2-1/2

[Event "Eq:CONFOEDERATIONIS HELVETICAE-Clubul Central de Sah : "]
[Site "www.chess-mail.com"]
[Date "2015.02.26"]
[Round "1"]
[White "Leo57"]
[Black "Calulalb"]
[WhiteElo "2760"]
[BlackElo "2730"]
[Result "1/2-1/2"]
[Round "1"]
1.Ng1f3 Ng8f6
2.c4 g6
3.Nb1c3 c5
4.d4 cxd4
5.Nf3xd4 Bf8g7
6.e4 Nb8c6
7.Bc1e3 Nf6g4
8.Qd1xg4 Nc6xd4
9.Qg4d1 Nd4e6
10.Ra1c1 b6
11.Bf1e2 Bc8b7
12.Qd1d2 O-O
13.f3 d6
14.O-O a5
15.Rf1d1 Ra8c8
16.b3 Ne6c5
17.Be3d4 Bg7xd4
18.Qd2xd4 f6
19.f4 Qd8d7
20.Be2f3 Bb7c6
21.Rc1c2 Qd7b7
22.Rc2f2 Rc8d8
23.Qd4e3 Kh8
24.Rf2f1 Kg8
25.h4 Kg7
26.Rd1d2 Rd8c8
27.h5 Rc8d8
28.Rf1d1 gxh5
29.Kf2 Kh8
30.Rd1h1 b5
31.cxb5 Bc6xb5
32.e5 Bb5c6
33.exd6 exd6
34.Bf3xc6 Qb7xc6
35.Rh1xh5 Rf8g8
36.Qe3f3 Qc6b6
37.Kf1 Rd8e8
38.Nc3d5 Qb6a6
39.Kg1 Qa6a7
40.Kh2 Qa7f7
41.Nd5c3 Qf7g7
42.Rd2e2 Qg7f7
43.Re2xe8 Qf7xe8
44.Rh5d5 Qe8e6
45.Qf3h3 Qe6e7
46.Rd5d4 Rg8g6
47.Nc3d5 Qe7e2
48.Nd5e3 Qe2f2
49.Ne3f5 d5
50.Qh3f3 Qf2xf3
51.gxf3 Nc5e6
52.Rd4a4 Rg6g8
53.Ra4xa5 Ne6xf4
54.Ra5a4 Nf4e2
55.Ra4a6 d4
56.Ra6d6 Ne2c1
57.Nf5xd4 Nc1xa2
58.Rd6xf6 Rg8d8
59.Nd4e6 Rd8b8
60.Kh3 Na2c1
61.Rf6f7 Nc1xb3
62.f4 { draw }
1/2-1/2

[Event "Eq:CONFOEDERATIONIS HELVETICAE-Team USA : "]
[Site "www.chess-mail.com"]
[Date "2015.02.26"]
[Round "1"]
[White "Agmac"]
[Black "Cl3537"]
[WhiteElo "2560"]
[BlackElo "1370"]
[Result "1-0"]
[Round "1"]
1.b4 b5
2.a4 bxa4
3.e4 e5
4.Ra1xa4 Ng8f6
5.Ng1f3 d6
6.Nb1c3 Bc8e6
7.d4 exd4
8.Nf3xd4 Bf8e7
9.Nd4xe6 fxe6
10.Bf1c4 d5
11.exd5 exd5
12.Nc3xd5 Nb8c6
13.Bc4b5 Nf6xd5
14.Bb5xc6 Kf8
15.Bc6xd5 c6
16.Qd1f3 Ke8
17.Bd5xc6 Qd8d7
18.Bc6xd7 Kxd7
19.Qf3d5 Kc7
20.Bc1f4 Kc8
21.Qd5c6 Kd8
22.Bf4c7 Kc8
23.Bc7b6 Kb8
24.Qc6c7 
1-0

[Event "Eq:Angels of Checkmate-BEAC Hungary : "]
[Site "www.chess-mail.com"]
[Date "2015.02.26"]
[Round "1"]
[White "Korto"]
[Black "Stevefillion"]
[WhiteElo "2380"]
[BlackElo "2320"]
[Result "1-0"]
[Round "1"]
1.Ng1f3 Ng8f6
2.g3 d5
3.Bf1g2 c6
4.d4 Bc8f5
5.c4 e6
6.Nb1c3 Nb8d7
7.cxd5 exd5
8.O-O Bf8d6
9.Nf3h4 Bf5g4
10.f3 Bg4e6
11.e4 Bd6e7
12.e5 Nf6g8
13.f4 f5
14.Nh4f3 Ng8h6
15.Nf3g5 Be7xg5
16.fxg5 Nh6f7
17.h4 g6
18.Nc3e2 O-O
19.Ne2f4 Rf8e8
20.a4 a5
21.Bc1e3 Kg7
22.g4 fxg4
23.Nf4xe6 Re8xe6
24.Qd1xg4 Nd7f8
25.Rf1f6 Re6e7
26.Ra1f1 { resign }
1-0

[Event "Eq:MondoScacchi-CONFOEDERATIONIS HELVETICAE : "]
[Site "www.chess-mail.com"]
[Date "2015.02.26"]
[Round "1"]
[White "Blackpool"]
[Black "Asoka"]
[WhiteElo "1960"]
[BlackElo "2610"]
[Result "0-1"]
[Round "1"]
1.d4 Ng8f6
2.c4 e6
3.Nb1c3 Bf8b4
4.Bc1d2 O-O
5.e3 b6
6.Ng1f3 Bc8b7
7.Bf1d3 d5
8.O-O dxc4
9.Bd3xc4 Nb8d7
10.a3 Bb4d6
11.Qd1e2 a6
12.b4 e5
13.Nf3xe5 Bd6xe5
14.dxe5 Nd7xe5
15.Rf1d1 Nf6g4
16.h3 Ng4xf2
17.Kxf2 Qd8h4
{ resign }
0-1

[Event "Fast Game"]
[Site "www.echecsemail.com"]
[Date "2015.02.26"]
[Round "1"]
[White "Fkarpov"]
[Black "Attatroll"]
[WhiteElo "1840"]
[BlackElo "1850"]
[Result "0-1"]
[Round "1"]
1.d4 f5
2.e4 fxe4
3.Qd1h5 g6
4.Qh5e5 Ng8f6
5.Bc1g5 Bf8g7
6.Bg5xf6 Bg7xf6
7.Qe5xe4 Nb8c6
8.Ng1f3 d5
9.Qe4f4 O-O
10.Qf4d2 Bc8f5
11.Nb1a3 Qd8d6
12.c3 e5
13.Bf1b5 exd4
14.Bb5xc6 bxc6
15.cxd4 Ra8e8
16.Kd1 Bf5g4
17.Na3c2 Kg7
18.Nc2e3 Bg4xf3
19.gxf3 Qd6f4
20.Kc2 Qf4xd4
21.Qd2xd4 Bf6xd4
22.Kd3 Bd4xe3
23.fxe3 Rf8xf3
24.Rh1e1 c5
25.Re1e2 d4
26.Ra1e1 Kf6
27.b4 cxb4
28.Kxd4 a5
29.Kc4 Re8e5
30.Kd4 c5
31.Kd3 Kf5
32.Kc4 a4
33.Kd3 h5
34.Kc4 a3
35.Kb3 Re5e4
36.Ka4 g5
37.Kb5 Re4e5
38.Kc4 Ke4
39.Kb3 Re5d5
40.Kc4 Rf3f5
{ resign }
0-1

[Event "Fast Game"]
[Site "www.echecsemail.com"]
[Date "2015.02.26"]
[Round "1"]
[White "Sunderland"]
[Black "Korbacik"]
[WhiteElo "1519"]
[BlackElo "1599"]
[Result "1-0"]
[Round "1"]
1.e4 c5
2.Nb1c3 d6
3.Ng1f3 Ng8f6
4.Bf1b5 Bc8d7
5.Bb5xd7 Qd8xd7
6.O-O Nb8c6
7.d4 cxd4
8.Nf3xd4 g6
{ time. }
1-0

[Event "Match"]
[Site "www.echecsemail.com"]
[Date "2015.02.26"]
[Round "1"]
[White "Wilpretty"]
[Black "Stevep84"]
[WhiteElo "1870"]
[BlackElo "2180"]
[Result "0-1"]
[Round "1"]
1.e4 c6
2.d3 d5
3.Nb1d2 e5
4.Ng1f3 Nb8d7
5.g3 Ng8f6
6.Bf1g2 Bf8c5
7.O-O O-O
8.c3 dxe4
9.dxe4 b5
10.b4 Bc5b6
11.a4 Bc8b7
12.a5 Bb6c7
13.Nd2b3 a6
14.Rf1e1 Qd8e7
15.Bc1g5 h6
16.Bg5xf6 Nd7xf6
17.Nb3c5 Ra8d8
18.Qd1e2 Bc7d6
19.Nc5xb7 Qe7xb7
20.Bg2h3 c5
21.Ra1b1 c4
22.Nf3h4 Bd6b8
23.f3 Bb8a7
24.Kh1 Rd8d3
25.Rb1c1 Rf8d8
26.Re1d1 Ba7e3
27.Rd1xd3 Rd8xd3
28.Rc1c2 Qb7c7
29.Nh4f5 Be3g5
30.Bh3f1 Qc7d8
31.Qe2f2 Rd3d2
32.Rc2xd2 Qd8xd2
33.Qf2b6 Qd2xc3
34.Kg2 g6
35.Nf5xh6 Bg5xh6
36.Qb6xa6 Qc3d2
37.Kh3 c3
38.f4 c2
39.Qa6c8 Kg7
40.a6 c1Q
{ resign }
0-1

[Event "Match"]
[Site "www.echecsemail.com"]
[Date "2015.02.26"]
[Round "1"]
[White "Nozal"]
[Black "Genius9"]
[WhiteElo "1769"]
[BlackElo "1220"]
[Result "1-0"]
[Round "1"]
1.e4 e6
2.d4 d5
3.e5 c5
4.Ng1f3 Nb8c6
5.c3 Qd8b6
6.a3 c4
7.g3 f6
8.Bc1e3 Bc8d7
9.Qd1c2 fxe5
10.dxe5 Bf8c5
11.Be3xc5 Qb6xc5
12.b4 Qc5b6
13.Bf1h3 Ng8h6
14.O-O O-O
15.Qc2e2 Qb6c7
16.Nf3g5 Ra8e8
17.Qe2c2 g6
18.f4 Nh6f5
19.Bh3xf5 Rf8xf5
20.g4 Rf5xg5
21.fxg5 Re8f8
22.Rf1xf8 Kxf8
23.Qc2f2 Kg8
24.Nb1d2 Nc6xe5
25.Ra1f1 Qc7d8
26.h3 Ne5d3
27.Qf2f7 Kh8
28.Qf7f6 Qd8xf6
29.gxf6 Kg8
30.g5 Kf7
31.Nd2f3 e5
32.Kh2 e4
33.Nf3e1 Nd3b2
34.Ne1g2 Nb2a4
35.Rf1c1 h6
36.h4 hxg5
37.hxg5 Na4b2
38.Ng2f4 Bd7c6
39.Kg3 Nb2a4
40.Rc1h1 Na4xc3
41.Rh1h7 Ke8
42.f7 { resign }
1-0

[Event "1/128 Finale"]
[Site "www.chess-mail.com"]
[Date "2015.02.26"]
[Round "1"]
[White "Dany2005"]
[Black "Pretorian"]
[WhiteElo "1679"]
[BlackElo "2530"]
[Result "0-1"]
[Round "1"]
1.e4 e6
2.d4 d5
3.exd5 exd5
4.Bf1d3 Ng8f6
5.Ng1f3 Bf8e7
6.O-O O-O
7.c3 c5
8.Rf1e1 Nb8c6
9.h3 Rf8e8
10.dxc5 Be7xc5
11.Re1xe8 Qd8xe8
12.Bc1g5 Nf6e4
13.Bd3xe4 dxe4
14.Nf3e1 Qe8e5
15.Bg5d2 Bc5d6
16.g3 Bc8xh3
17.Bd2f4 Qe5b5
18.b3 Qb5f1
19.Kh2 Bh3g2
{ resign }
0-1

[Event "Tourn. n8073"]
[Site "www.chess-mail.com"]
[Date "2015.02.26"]
[Round "1"]
[White "Sunderland"]
[Black "Anja"]
[WhiteElo "1540"]
[BlackElo "1750"]
[Result "1-0"]
[Round "1"]
1.c4 e5
2.Nb1c3 Nb8c6
3.g3 g6
4.Bf1g2 Bf8g7
5.d3 d6
6.Ng1f3 f5
7.Bc1g5 Ng8e7
8.O-O O-O
9.a3 h6
10.Bg5d2 Bc8e6
11.b4 { resign }
1-0

[Event "Tourn. n8005"]
[Site "www.chess-mail.com"]
[Date "2015.02.26"]
[Round "1"]
[White "Blackpool"]
[Black "Manuel09"]
[WhiteElo "1870"]
[BlackElo "1919"]
[Result "1/2-1/2"]
[Round "1"]
1.d4 Ng8f6
2.Ng1f3 d5
3.Bc1f4 Bc8f5
4.e3 e6
5.Bf1d3 Bf5xd3
6.Qd1xd3 c5
7.c3 c4
8.Qd3e2 Bf8d6
9.Bf4xd6 Qd8xd6
10.Nb1d2 Qd6b6
11.Ra1b1 Nb8d7
12.b3 cxb3
13.axb3 O-O
14.c4 Qb6c6
15.O-O Nf6e4
16.Nd2xe4 dxe4
17.Nf3d2 f5
18.g3 Nd7f6
19.Rf1c1 Nf6g4
20.h3 Ng4f6
21.Rb1a1 Qc6e8
22.Kg2 Qe8d7
23.Ra1a5 a6
24.c5 Nf6d5
25.Nd2c4 Rf8b8
26.Nc4e5 Qd7c7
27.Ra5a1 Rb8c8
28.Ra1b1 Nd5e7
29.b4 Ne7c6
30.Ne5xc6 Qc7xc6
31.b5 { draw }
1/2-1/2

[Event "Tourn. n8092"]
[Site "www.chess-mail.com"]
[Date "2015.02.26"]
[Round "1"]
[White "Tomcapp"]
[Black "F14"]
[WhiteElo "1530"]
[BlackElo "1599"]
[Result "0-1"]
[Round "1"]
1.e4 e5
2.Ng1f3 Nb8c6
3.Bf1b5 Ng8f6
4.d3 d6
5.Bb5xc6 bxc6
6.Nb1c3 Bc8g4
7.Bc1g5 Bf8e7
8.a4 Nf6g8
9.Bg5xe7 Ng8xe7
10.O-O O-O
11.b4 a6
12.a5 f5
13.exf5 Ne7xf5
14.Qd1d2 Bg4xf3
15.g3 Nf5d4
16.Nc3e4 Bf3xe4
17.dxe4 Nd4f3
18.Kh1 Nf3xd2
19.Rf1d1 Nd2xe4
20.Rd1f1 Rf8xf2
21.Rf1c1 Qd8f6
22.Rc1g1 Qf6f3
23.Rg1g2 Qf3xg2

0-1